000 00643nam a2200193 i 4500
001 166858
003 ES-MaACL
005 20251011063151.0
008 931025s1894 sp |||| | spa d
040 _aAS
_bspa
_cPAB
080 _a821.134.2-36"18"
100 1 _aValbuena, Antonio de,
_d1844-1929
_9112452
245 1 0 _aRipios aristocráticos /
_cpor Antonio de Valbuena (Venancio González).
250 _a6ª ed.
260 _aMadrid :
_bLibrería de Victoriano Suárez,
_c1894 (1891) (
_fSucesores de Rivadeneyra)
300 _a252, 16 p. ;
_c17 cm.
852 _aES-MaACL
_jF-10850
_z-- Enc. hol.
999 _c166858
_d166858